000 00656cam a22001817a 4500
020 _a9251055106
040 _cUKM
082 0 4 _a631 FOO 2006 A041 Or.
245 0 0 _aQuality declared seed system :
_bexpert consultation, Rome 5-7 May 2003 : FAO Seed and Plant Genetic Resources Service.
260 _aRome :
_bFood and Agriculture Organization of the United Nations,
_c2006.
300 _aix, 243 p. ;
_c30 cm.
650 0 _aSeed technology
650 0 _aSeeds
650 0 _aSeed industry and trade
710 2 _aFood and Agriculture Organization of the United Nations.
856 4 1 _uhttp://www.loc.gov/catdir/toc/fy0702/2006484127.html
942 _cEK
999 _c12253
_d12253